000 00816nam a2200205Ia 4500
005 20241216011442.0
008 190429s9999||||xx |||||||||||||| ||und||
082 _a372.218
_bA33
100 _aALANIA ARZAPALO ALICIA MAYUE, RAMOS SUNCHA BEATRIZ LUZMILA
245 0 _aPERCEPCION DE LOS DOCENTES, PADRES DE FAMILIA Y ESTUDIANTES DE EDUCACION INICIAL SOBRE EL DESARROLLO DE LAS PRACTICAS PRE PROFESIONALES EN LAS INSTITUCIONES EDUCATIVAS DE EDUCACION INICIAL CERRO DE PASCO 2012
250 _a0
260 _aCERRO DE PASCO-PERU
_bUNDAC
_c2012
300 _a123 pag.
_c30 cm.
341 _h0
490 _v0
_a0
505 _aPLANTEAMIENTO DEL PROBLEMA/MARCO TEORICO/METODOLOGIA/RESUTADOS/DISCUSION/
541 _aD
_bALANIA ARZAPALO ALICIA M.
_d14-May-13
_oSoles
650 _aEducación Inicial
942 _cTESIS
999 _c42282
_d42282